Najsłabsze państwa w piłce nożnej - Statystyki

Ogólne statystyki
  • Ten quiz został rozwiązany 23 razy
  • Średni wynik to 4 z 15
Statystyki odpowiedzi
# Kraj % Poprawnych
210 San Marino
100%
205 Liechtenstein
61%
196 Gibraltar
52%
204 Bahamy
30%
201 Somalia
30%
198 Pakistan
26%
197 Timor Wschodni
26%
203 Seszele
22%
209 Anguilla
17%
200 Sri Lanka
17%
199 Tonga
17%
208 Brytyjskie Wyspy Dziewicze
13%
202 Guam
13%
207 Wyspy Dziewicze Stanów Zjednoczonych
9%
206 Turks i Caicos
4%
Nie znaleziono quizów pasujących do podanych kryteriów
Rozkład punktacji
Procent ludzi z każdym wynikiem
Percentyl według liczby udzielonych odpowiedzi
Twoja historia wyników
Nie rozwiązałeś tego quizu